| 000 | 00772nas a2200253 4500 | ||
|---|---|---|---|
| 001 | BR9500747 | ||
| 003 | BR-BrBNA | ||
| 005 | 20231205094239.0 | ||
| 007 | ta | ||
| 008 | 230509b bl.|||p| |||| 00| 00por d | ||
| 040 |
_aBR-BrBNA _bpor _cBiblioteca Nacional de Agricultura |
||
| 041 | _a(Pt) | ||
| 072 | _aF62 | ||
| 100 | 1 | _aMozambani, A.E. | |
| 100 | 1 | _aSader, R. | |
| 100 | 1 | _aPinto, L.R. | |
| 245 | 1 | _aMaturacao fisiologica e retardamento de colheita de sementes de crotalaria (Crotalaria juncea L.) | |
| 650 | _aSemente | ||
| 650 | _aCrotalaria | ||
| 650 | _aPoder Germinativo | ||
| 773 | 0 |
_tRevista Brasileira de Sementes (Brazil) _xISSN 0101-3122 _g(1993), v. 15(1) p. 55-62 _wBR9500747 |
|
| 909 |
_a202311 _bLúcia _c55 _dLúcia Elande |
||
| 942 |
_2AGRIS _n0 _cANA |
||
| 999 |
_c143065 _d143065 |
||